Trombinoscope Pokémon #1 - Statistiques

Statistiques générales
  • Ce quiz a été pris 3 976 fois
  • Le résultat moyen est 73 sur 100
Statistiques - réponses
Hint Réponse % Correct
Simularbre
83%
Carapuce
83%
Minidraco
82%
Lokhlass
82%
Kadabra
82%
Caninos
82%
Staross
82%
Nidoqueen
81%
Sulfura
81%
Lippoutou
81%
Zarbi
81%
Chimpenfeu
81%
Ossatueur d'Alola
80%
Mélofée
80%
Poissoroy
80%
Roitiflam
79%
Méga-Rayquaza
79%
Goinfrex
79%
Braségali
79%
Torterra
79%
Empiflor
79%
Luxio
79%
Lugia
79%
Palarticho
78%
Axoloto de Paldea
78%
Gobou
78%
Giratina
78%
Grodoudou
78%
Marcacrin
78%
Amphinobi
78%
Mateloutre
78%
Crocorible
78%
Kirlia
77%
Magirêve
77%
Grahyena
77%
Chelours
77%
Méditika
77%
Minotaupe
77%
Pharamp
76%
Barpau
76%
Rhinastoc
76%
Griknot
76%
Deoxys
76%
Anchwatt
76%
Crabagarre
75%
Stalgamin
75%
Amonita
75%
Altaria
74%
Miamiasme
74%
Barbicha
74%
Trioxhydre
74%
Baggaïd
74%
Xerneas
73%
Monaflémit
73%
Tropius
73%
Nanmeouïe
73%
Muplodocus
72%
Pyrobut
72%
Chochodile
72%
Ymphect
72%
Manaphy
71%
Zacian
71%
Nodulithe
71%
Macronium
70%
Roue-de-Fer
70%
Picassaut
70%
Farfurex
70%
Scalpion
69%
Meloetta
69%
Brutalibré
69%
Flabébé
69%
Archéduc
69%
Terracool
69%
Cheniselle
69%
Caratroc
69%
Scorplane
68%
Cobaltium
68%
Pohm
67%
Cryptéro
67%
Courrousinge
66%
Anorith
66%
Couverdure
66%
Sarmuraï
66%
Plumeline
65%
Motorizard
65%
Toxizap
65%
Toutombe
65%
Dolman
65%
Mélancolux
64%
Scorvol
64%
Bleuseille
63%
Excavarenne
62%
Grimalin
62%
Tokopisco
62%
Amagara
60%
Flamenroule
59%
Bamboiselle
57%
Hydragon
57%
Tag-Tag
57%
Ogerpon
52%
Aucun quiz correspondant
Distribution des résultats
% des personnes avec chaque résultat
Percentile par nombre de réponses
Votre historique - résultats
Vous n’avez pas pris ce quiz